| 000 | 00481nam a2200181Ia 4500 | ||
|---|---|---|---|
| 003 | GCL | ||
| 008 | 140319s9999 xx 000 0 ara d | ||
| 040 |
_aGCL / _cGCL |
||
| 082 | 0 | 4 |
_a375 _bع ا |
| 100 | 1 | _aعبداللطيف ابراهيم | |
| 245 | 1 | 0 |
_aاسس المناهج / _cعبداللطيف ابراهيم |
| 300 | _a654 ص | ||
| 490 | _a | ||
| 650 | 0 | 4 | _aالتعليم |
| 650 | 0 | 4 | _aالمناهج |
| 650 | 0 | 4 | _aالمناهج التعليمية |
| 942 |
_2ddc _cBK |
||
| 999 |
_c52260 _d52260 |
||